|
|
|
|
| LEADER |
00000nam0a2200000 4500 |
| 001 |
177681 |
| 005 |
20231101223342.0 |
| 010 |
|
|
|a 9785834901143
|
| 035 |
|
|
|a (RuTPU)RU\TPU\book\192649
|
| 090 |
|
|
|a 177681
|
| 100 |
|
|
|a 20100324d2009 m y0rusy50 ca
|
| 101 |
0 |
|
|a rus
|
| 102 |
|
|
|a RU
|
| 105 |
|
|
|a y j 001zy
|
| 200 |
1 |
|
|a Антикризисное управление
|e учебное пособие
|f В. Г. Горшков, А. И. Миллер, Ю. В. Шеншинов
|g Алтайская академия экономики и права (ААЭП)
|
| 210 |
|
|
|a Барнаул
|c ААЭП
|d 2009
|
| 215 |
|
|
|a 360 с.
|
| 320 |
|
|
|a Библиогр.: с. 355-356.
|
| 330 |
|
|
|a Учебное пособие составлено на основании Государственного образовательного стандарта высшего профессионального образования и предназначено для студентов экономических специальностей дневной и заочной форм обучения. В издании представлен теоретический материал по антикризисному управлению в рамках мирового масштаба, Российской Федерации, Алтайского края, отдельных промышленных предприятий; приведены и описаны конкретные методики антикризисного управления, элементы борьбы с банкротством в условиях экономической нестабильности; даны список рекомендуемой литературы и вопросы для подготовки к зачету.
|
| 606 |
1 |
|
|a Антикризисное управление
|2 stltpush
|3 (RuTPU)RU\TPU\subj\29215
|9 52599
|
| 610 |
1 |
|
|a экономика
|
| 610 |
1 |
|
|a управление
|
| 610 |
1 |
|
|a предприятия
|
| 610 |
1 |
|
|a экономическая безопасность
|
| 610 |
1 |
|
|a экономические показатели
|
| 610 |
1 |
|
|a кризисные явления
|
| 610 |
1 |
|
|a экономические кризисы
|
| 610 |
1 |
|
|a государственное регулирование
|
| 610 |
1 |
|
|a мировые кризисы
|
| 610 |
1 |
|
|a финансовые кризисы
|
| 610 |
1 |
|
|a ВВП
|
| 610 |
1 |
|
|a экономический рост
|
| 610 |
1 |
|
|a промышленность
|
| 610 |
1 |
|
|a экспорт
|
| 610 |
1 |
|
|a инвестиционная политика
|
| 610 |
1 |
|
|a рентабельность
|
| 610 |
1 |
|
|a Россия
|
| 610 |
1 |
|
|a экономический анализ
|
| 610 |
1 |
|
|a банкротство
|
| 610 |
1 |
|
|a прогнозирование
|
| 610 |
1 |
|
|a диагностика
|
| 610 |
1 |
|
|a инновации
|
| 610 |
1 |
|
|a социальное партнерство
|
| 610 |
1 |
|
|a учебные пособия
|
| 610 |
1 |
|
|a финансовое оздоровление
|
| 610 |
1 |
|
|a внешнее управление
|
| 610 |
1 |
|
|a конкурсное производство
|
| 610 |
1 |
|
|a мировое соглашение
|
| 686 |
|
|
|a У9(2)212я73
|v LBC/SL-A
|2 rubbk
|
| 686 |
|
|
|a У9(2)29-2я73
|v LBC/SL-A
|2 rubbk
|
| 700 |
|
1 |
|a Горшков
|b В. Г.
|g Вячеслав Григорьевич
|
| 701 |
|
1 |
|a Миллер
|b А. И.
|g Александр Иванович
|
| 701 |
|
1 |
|a Шеншинов
|b Ю. В.
|g Юрий Владимирович
|
| 712 |
0 |
2 |
|a Алтайская академия экономики и права (ААЭП)
|c (Барнаул)
|2 stltpush
|3 (RuTPU)RU\TPU\col\15774
|
| 801 |
|
1 |
|a RU
|b 63413507
|c 20100324
|
| 801 |
|
2 |
|a RU
|b 63413507
|c 20121008
|g RCR
|
| 900 |
|
|
|a Антикризисное управление
|
| 900 |
|
|
|a Теория и практика финансового оздоровления предприятия
|
| 942 |
|
|
|c BK
|
| 955 |
|
|
|b 080100
|